000 00902nam a2200277 i 4500
001 bg
100 1 _aPIERCY, Nigel
245 1 0 _aMarketing :
_bstrategiczna reorientacja firmy /
_cNigel Piercy ; [tł. Marek Albigowski, Jarosław Filip Dąbrowski].
246 _iTyt. oryg.:
_aMarket-led strategic change
260 _aWarszawa :
_bFelberg Sja,
_c2003.
300 _a544 s. :
_bil. ;
_c25 cm.
500 _aTyt. oryg.: "Market-led strategic change".
504 _aIndeks.
650 9 _aMarketing
655 _aPodręczniki
700 1 _aALBIGOWSKI, Marek.
_eTł.
700 1 _aDĄBROWSKI, Jarosław Filip
_d(1975- ).
_eTł.
020 _a8388667246
040 _cBPK
041 1 _apol
_heng
080 _a339.138(07)
920 _a83-88667-24-6
942 _cKS
008 s pl f |000 0 pol
999 _c44188
_d44188
856 _uhttp://koha.tu.koszalin.pl/cgi-bin/koha/opac-detail.pl?biblionumber=44188
_yKatalog online BPK